Premier League All Time Table - Statistics

General Stats
  • This quiz has been taken 85 times
    84 since last reset
  • The average score is 16 of 20
Answer Stats
Points Answer % Correct
2364 Arsenal
100%
2288 Chelsea
99%
2314 Liverpool
99%
1850 Manchester City
99%
2530 Manchester United
99%
1940 Tottenham Hotspur
96%
1524 Aston Villa
88%
1676 Everton
88%
1582 Newcastle United
88%
1377 West Ham United
82%
838 Leicester City
79%
1097 Southampton
79%
688 Crystal Palace
74%
970 Blackburn Rovers
71%
820 Leeds United
71%
775 Fulham
69%
618 Sunderland
69%
490 West Bromwich Albion
54%
661 Middlesbrough
38%
575 Bolton Wanderers
35%
No matching quizzes found
Score Distribution
Percent of People with Each Score
Percentile by Number Answered
Your Score History
You have not taken this quiz since the last reset